00410nam a2200169Ia 4500003000900000005001700009008004100026040001300067040001300080100001900093245004700112260001300159300000800172490000600180600003800186700001600224IT-RoPAU20220918175257.0120407s9999 xx 000 0 und d aIT-RoPAU cIT-RoPAU aGrunwald V. -  aDizionario delle lingue Italiana e tedesca aBelforte c cm v2 a"Vol. 1 Italiano; vol. 2 tedesco" aG. M. Gatti